[Event "Legnica Voivoda Cup 38th"]
[Site "Legnica"]
[Date "2024.06.03"]
[Round "8"]
[White "Licznerski, Lukasz"]
[Black "Brodowski, Piotr"]
[Result "1-0"]
[WhiteElo "2418"]
[BlackElo "2424"]
[PlyCount "55"]
[EventDate "2024.05.29"]
[EventType "tourn"]
[EventRounds "9"]
[EventCountry "POL"]
[EventCategory "6"]
[SourceTitle "CB24_2024"]
[SourceDate "2024.06.12"]
[SourceVersion "1"]
[SourceVersionDate "2024.06.12"]
[SourceQuality "1"]

1. c4 Nf6 2. Nc3 e6 3. e4 d5 4. e5 d4 5. exf6 dxc3 6. bxc3 Qxf6 7. Nf3 h6 8. Bd3 Qd8 9. Bc2 Nd7 10. d4 Nf6 11. Ne5 Bd6 12. Qf3 Qe7 13. Ng6 fxg6 14. Bxg6+ Kf8 15. c5 Bxh2 16. Rxh2 e5 17. Rh4 exd4+ 18. Kf1 Be6 19. Rxd4 Bf7 20. Bd3 Rd8 21. Qxb7 Bd5 22. c6 Kf7 23. Bf4 Rhe8 24. Bxc7 Rc8 25. Rxd5 Nxd5 26. Bd6 Qxb7 27. cxb7 Rxc3 28. Bb5 1-0

[Event "Legnica Voivoda Cup 38th"]
[Site "Legnica"]
[Date "2024.05.29"]
[Round "1"]
[White "Licznerski, Lukasz"]
[Black "Voloshin, Leonid"]
[Result "1-0"]
[WhiteElo "2418"]
[BlackElo "2400"]
[PlyCount "189"]
[EventDate "2024.05.29"]
[EventType "tourn"]
[EventRounds "9"]
[EventCountry "POL"]
[EventCategory "6"]
[SourceTitle "CB24_2024"]
[SourceDate "2024.06.12"]
[SourceVersion "1"]
[SourceVersionDate "2024.06.12"]
[SourceQuality "1"]

1. e4 e5 2. Nf3 Nc6 3. Bb5 Nf6 4. d3 d6 5. c3 Bd7 6. 0-0 g6 7. Re1 Bg7 8. Nbd2 0-0 9. Nf1 Na5 10. Bxd7 Qxd7 11. b4 Nc6 12. a4 a6 13. Ng3 b5 14. h3 Rfb8 15. Bd2 Qe8 16. Qb3 Nd7 17. c4 Ne7 18. Rec1 bxa4 19. Qxa4 c5 20. bxc5 Nxc5 21. Qxe8+ Rxe8 22. Ra3 Reb8 23. Be3 Nc6 24. Ne2 Nb4 25. Ne1 Bf6 26. Rd1 Bd8 27. Nc3 Bb6 28. Nd5 Nxd5 29. exd5 Ba7 30. Ra2 Rb3 31. Kf1 Rab8 32. Ke2 Rb2+ 33. Rd2 Rb1 34. Nf3 R8b7 35. Rdc2 f5 36. Ng5 h6 37. Bxc5 Bxc5 38. Ne6 Bb4 39. Rxa6 e4 40. dxe4 Re1+ 41. Kd3 fxe4+ 42. Kd4 Rb8 43. c5 Bxc5+ 44. Nxc5 Rb4+ 45. Kc3 dxc5 46. Rxg6+ Kh7 47. Rc6 Rd1 48. Rxc5 Rbd4 49. Rc4 R1d3+ 50. Kb4 Rxd5 51. Rxe4 Rd7 52. Rce2 Rb7+ 53. Kc4 Rdd7 54. Kc3 Rg7 55. g3 Rgd7 56. Rd4 Rdc7+ 57. Kd2 Rb1 58. Ke3 Rb3+ 59. Kf4 Rf7+ 60. Kg4 Rg7+ 61. Kh4 Rf3 62. Rd6 Rgf7 63. Ree6 Rxf2 64. Rxh6+ Kg7 65. Rdg6+ Kf8 66. Rh8+ Ke7 67. Ra6 Rd2 68. Ra7+ Kf6 69. Rxf7+ Kxf7 70. Ra8 Rd5 71. Ra4 Kg6 72. Kg4 Rg5+ 73. Kf3 Rf5+ 74. Rf4 Ra5 75. h4 Kh5 76. Kg2 Ra2+ 77. Kh3 Ra3 78. Rf5+ Kg6 79. Rb5 Ra4 80. Rb6+ Kg7 81. h5 Ra1 82. Kh4 Kh7 83. g4 Ra7 84. Re6 Rb7 85. h6 Ra7 86. Kh5 Rb7 87. g5 Rb8 88. Rd6 Ra8 89. g6+ Kh8 90. Kg5 Rb8 91. Kf6 Re8 92. Kf7 Rf8+ 93. Ke7 Kg8 94. Rd8 Rxd8 95. Kxd8 1-0

[Event "Fredericia"]
[Site "Fredericia"]
[Date "2024.05.12"]
[Round "9"]
[White "Licznerski, Lukasz"]
[Black "Kopylov, Daniel"]
[Result "1/2-1/2"]
[WhiteElo "2419"]
[BlackElo "2368"]
[PlyCount "208"]
[EventDate "2024.05.08"]
[EventType "tourn"]
[EventRounds "9"]
[EventCountry "DEN"]
[EventCategory "3"]
[SourceTitle "CB20_2024"]
[SourceDate "2024.05.16"]
[SourceVersion "1"]
[SourceVersionDate "2024.05.16"]
[SourceQuality "1"]

1. e4 c5 2. Nf3 Nc6 3. d4 cxd4 4. Nxd4 e5 5. Nb5 d6 6. c4 Be7 7. Be2 f5 8. exf5 Bxf5 9. Bh5+ g6 10. Bg4 Nf6 11. Bxf5 gxf5 12. Bg5 0-0 13. 0-0 Kh8 14. Kh1 Ng4 15. Bc1 a6 16. N5c3 Bg5 17. f3 Ne3 18. Bxe3 Bxe3 19. Nd5 Ba7 20. f4 Qh4 21. Nd2 e4 22. Nb3 Rg8 23. Qe1 Qg4 24. g3 Qg7 25. Qc3 Qxc3 26. Nxc3 Nb4 27. Rac1 Nd3 28. Rc2 Rac8 29. Nd5 b5 30. Na5 bxc4 31. Ne7 Rc5 32. Nxg8 Rxa5 33. Ne7 Rc5 34. g4 Rc7 35. Nxf5 d5 36. g5 Bc5 37. Nh6 Be3 38. Ng4 Bxf4 39. Nf6 Rc5 40. Nh5 d4 41. Nxf4 Nxf4 42. Rxf4 d3 43. Rg2 e3 44. g6 hxg6 45. Rxg6 Rh5 46. Re6 e2 47. Re7 Kg8 48. Rxc4 Rf5 49. Rd4 Rf7 50. Rd8+ Kg7 51. Ree8 Rf8 52. Rd7+ Kg8 53. Ree7 Rf7 54. Rd8+ Kg7 55. Ree8 Rf8 56. Rd7+ Kg8 57. Re3 Rf1+ 58. Kg2 e1Q 59. Rxe1 Rxe1 60. Rxd3 Re2+ 61. Kg3 Rxb2 62. Ra3 Rb6 63. Kf4 Rh6 64. h3 Kf7 65. Kg5 Rc6 66. Ra5 Rg6+ 67. Kh5 Rc6 68. h4 Kg7 69. a4 Rh6+ 70. Kg4 Rc6 71. h5 Kh6 72. Kf4 Rb6 73. Ke4 Rc6 74. Kd4 Rf6 75. Ke4 Rc6 76. Kd4 Rf6 77. Kc4 Rf4+ 78. Kd3 Rg4 79. Kc3 Rf4 80. Kb3 Rf3+ 81. Kc4 Rf4+ 82. Kc5 Kxh5 83. Rxa6 Kg5 84. a5 Rf5+ 85. Kd4 Rf4+ 86. Ke3 Ra4 87. Ra8 Kf6 88. a6 Kg7 89. Kd3 Rf4 90. Rb8 Ra4 91. Ra8 Rf4 92. Rc8 Ra4 93. Rc6 Kf7 94. Rh6 Kg7 95. Rb6 Kf7 96. Rh6 Kg7 97. Rb6 Kf7 98. Kc3 Ke7 99. Kb3 Ra1 100. Kb4 Kd7 101. Rb7+ Kc6 102. Rh7 Rxa6 103. Rh6+ Kb7 104. Rxa6 Kxa6 1/2-1/2

[Event "Fredericia"]
[Site "Fredericia"]
[Date "2024.05.11"]
[Round "6"]
[White "Licznerski, Lukasz"]
[Black "Koch Mueller, Oscar"]
[Result "1-0"]
[WhiteElo "2419"]
[BlackElo "2054"]
[PlyCount "83"]
[EventDate "2024.05.08"]
[EventType "tourn"]
[EventRounds "9"]
[EventCountry "DEN"]
[EventCategory "3"]
[SourceTitle "CB20_2024"]
[SourceDate "2024.05.16"]
[SourceVersion "1"]
[SourceVersionDate "2024.05.16"]
[SourceQuality "1"]

1. e4 e6 2. d4 d5 3. Nd2 c5 4. Ngf3 cxd4 5. Nxd4 Nc6 6. Bb5 Bd7 7. Nxc6 bxc6 8. Bd3 Qc7 9. Qe2 Ne7 10. Nf3 Ng6 11. e5 f6 12. Bxg6+ hxg6 13. Bd2 Be7 14. 0-0-0 a5 15. h4 a4 16. g4 a3 17. b3 Kf7 18. Rdg1 c5 19. c3 d4 20. g5 Bc6 21. gxf6 gxf6 22. exf6 Bxf6 23. Rh3 Rh5 24. Ng5+ Bxg5 25. Rxg5 dxc3 26. Rxc3 Rxg5 27. Bxg5 Qh2 28. Rf3+ Kg7 29. Rf4 Qh1+ 30. Kc2 Qd5 31. Qe3 Ra7 32. Qc3+ Kh7 33. Rf8 Qe4+ 34. Qd3 Kg7 35. Rf4 Qxd3+ 36. Kxd3 Bd5 37. Kc3 Ra6 38. Bf6+ Kh6 39. Be7 Ra5 40. Rf7 Be4 41. Bg5+ Kh5 42. f3 1-0

[Event "Fredericia"]
[Site "Fredericia"]
[Date "2024.05.10"]
[Round "4"]
[White "Licznerski, Lukasz"]
[Black "Kanov, Nikola"]
[Result "1-0"]
[WhiteElo "2419"]
[BlackElo "2416"]
[PlyCount "127"]
[EventDate "2024.05.08"]
[EventType "tourn"]
[EventRounds "9"]
[EventCountry "DEN"]
[EventCategory "3"]
[SourceTitle "CB20_2024"]
[SourceDate "2024.05.16"]
[SourceVersion "1"]
[SourceVersionDate "2024.05.16"]
[SourceQuality "1"]

1. e4 c5 2. Nf3 e6 3. d4 cxd4 4. Nxd4 Nc6 5. Nc3 Qc7 6. Be3 a6 7. Bd3 Nf6 8. 0-0 Ne5 9. h3 d6 10. f4 Ng6 11. f5 Ne5 12. fxe6 fxe6 13. Nf3 b5 14. Nxe5 dxe5 15. a3 Bc5 16. Qe2 0-0 17. Bxc5 Qxc5+ 18. Qf2 Qc7 19. Qe3 Bb7 20. Rf2 Rad8 21. Raf1 Rd7 22. Ne2 Rdf7 23. Ng3 Qc6 24. Rf3 g6 25. Kh1 Nd7 26. Rxf7 Rxf7 27. Rxf7 Kxf7 28. Nf1 Qc5 29. Qxc5 Nxc5 30. Nd2 Na4 31. b4 Nc3 32. Kg1 Ke7 33. Kf2 Kd6 34. Ke3 Nd1+ 35. Kf3 Nc3 36. h4 h6 37. Nb3 Nb1 38. Na5 Kc7 39. c4 Nxa3 40. c5 Ba8 41. Ke3 Kb8 42. g4 g5 43. h5 Kc7 44. Kd2 Kd7 45. Kc3 Bc6 46. Kb3 Nc4 47. Bxc4 bxc4+ 48. Nxc4 Bxe4 49. Nxe5+ Ke7 50. Kc3 Bd5 51. Kd4 Bg2 52. c6 Kd6 53. Nf7+ Kxc6 54. Nxh6 Kd6 55. Nf7+ Ke7 56. Nxg5 Kf6 57. Ne4+ Kg7 58. Ke5 Bf3 59. Kf4 Be2 60. Ng3 Bd1 61. g5 Kf7 62. g6+ Kf6 63. Ne4+ Kg7 64. Kg5 1-0

[Event "Katowice Silesia 100th Ann op"]
[Site "Katowice"]
[Date "2024.04.28"]
[Round "7"]
[White "Hulka, Valentyn"]
[Black "Licznerski, Lukasz"]
[Result "0-1"]
[WhiteElo "2349"]
[BlackElo "2419"]
[PlyCount "72"]
[EventDate "2024.04.27"]
[EventType "swiss (rapid)"]
[EventRounds "11"]
[EventCountry "POL"]
[SourceTitle "CB19_2024"]
[SourceDate "2024.05.08"]
[SourceVersion "1"]
[SourceVersionDate "2024.05.08"]
[SourceQuality "1"]

1. d4 Nf6 2. Nf3 e6 3. c4 b6 4. g3 Ba6 5. Nbd2 c6 6. Bg2 d5 7. Qb3 Be7 8. 0-0 0-0 9. Rd1 Nbd7 10. e4 Nxe4 11. Nxe4 dxe4 12. Ne5 Nxe5 13. dxe5 Qc7 14. Qc3 Rad8 15. Be3 c5 16. Bxe4 Bb7 17. Qc2 g6 18. h4 Bc6 19. Bg5 Bxg5 20. hxg5 Qb7 21. Bxc6 Qxc6 22. Rxd8 Rxd8 23. Rd1 Rd4 24. Rxd4 cxd4 25. Qd3 Qc5 26. a3 Qxe5 27. f4 Qe1+ 28. Kg2 e5 29. f5 a5 30. f6 h6 31. gxh6 Kh7 32. Qf3 e4 33. Qf4 Qe2+ 34. Kg1 e3 35. Qb8 Qf2+ 36. Kh1 e2 0-1

[Event "Katowice Silesia 100th Ann op"]
[Site "Katowice"]
[Date "2024.04.28"]
[Round "11"]
[White "Kuzmicz, Krystian"]
[Black "Licznerski, Lukasz"]
[Result "1-0"]
[WhiteElo "2471"]
[BlackElo "2419"]
[PlyCount "203"]
[EventDate "2024.04.27"]
[EventType "swiss (rapid)"]
[EventRounds "11"]
[EventCountry "POL"]
[SourceTitle "CB19_2024"]
[SourceDate "2024.05.08"]
[SourceVersion "1"]
[SourceVersionDate "2024.05.08"]
[SourceQuality "1"]

1. d4 Nf6 2. Nc3 d5 3. Bf4 g6 4. e3 c6 5. Bd3 Bg7 6. h4 h5 7. Qd2 Nbd7 8. Nf3 a5 9. Ng5 0-0 10. f3 Qe8 11. Be5 Nxe5 12. dxe5 Nh7 13. Nxh7 Kxh7 14. g4 Bxe5 15. gxh5 Bf5 16. Ke2 Bxd3+ 17. Qxd3 f5 18. hxg6+ Qxg6 19. Rag1 Qf7 20. Nd1 e6 21. Nf2 Rg8 22. Nh3 Rxg1 23. Rxg1 Bf6 24. Ng5+ Bxg5 25. hxg5 Qh5 26. g6+ Kh6 27. Qd4 Qh2+ 28. Kf1 e5 29. Qc5 Qh3+ 30. Kf2 Qh4+ 31. Kf1 Qc4+ 32. Qxc4 dxc4 33. f4 exf4 34. exf4 Kg7 35. Kf2 Rd8 36. Ke3 Kf6 37. g7 Rg8 38. Kd4 Rxg7 39. Rxg7 Kxg7 40. Ke5 Kg6 41. Ke6 c3 42. bxc3 b5 43. a3 c5 44. Kd5 Kh5 45. Kxc5 Kg4 46. Kxb5 Kxf4 47. c4 Ke3 48. c5 f4 49. c6 f3 50. c7 f2 51. c8Q f1Q+ 52. Qc4 Qe1 53. Ka4 Kf3 54. c3 Qe5 55. Qd4 Qf5 56. c4 Kg3 57. Qd5 Qc2+ 58. Kxa5 Qc3+ 59. Kb5 Qb3+ 60. Kc6 Qxa3 61. c5 Qa8+ 62. Kd6 Qd8+ 63. Ke5 Qg5+ 64. Ke4 Qf4+ 65. Kd3 Qf1+ 66. Kd2 Qf2+ 67. Kc3 Qe1+ 68. Qd2 Qa1+ 69. Kc4 Qa6+ 70. Kb4 Qb7+ 71. Kc3 Kg4 72. Qd4+ Kf5 73. Qd6 Qf3+ 74. Kc4 Qe2+ 75. Kb4 Qb2+ 76. Ka5 Qa3+ 77. Kb6 Qb4+ 78. Ka7 Qa5+ 79. Kb7 Qb5+ 80. Kc7 Qa5+ 81. Qb6 Qc3 82. c6 Ke6 83. Kb7 Qf3 84. Kb8 Qf4+ 85. c7+ Kd7 86. Qb5+ Ke7 87. Qc5+ Kd7 88. Qd5+ Ke7 89. Qc5+ Kd7 90. Qb5+ Ke7 91. Kb7 Qe4+ 92. Ka7 Qd4+ 93. Qb6 Qa4+ 94. Kb8 Qf4 95. Qb3 Kd7 96. Qd3+ Kc6 97. Qa6+ Kd7 98. Qc8+ Kc6 99. Qe8+ Kb6 100. Qe6+ Kb5 101. Kc8 Qf3 102. Kd8 1-0

[Event "Katowice Silesia 100th Ann op"]
[Site "Katowice"]
[Date "2024.04.27"]
[Round "2"]
[White "Licznerski, Lukasz"]
[Black "Pycinski, Wladyslaw"]
[Result "1-0"]
[WhiteElo "2419"]
[BlackElo "2209"]
[PlyCount "105"]
[EventDate "2024.04.27"]
[EventType "swiss (rapid)"]
[EventRounds "11"]
[EventCountry "POL"]
[SourceTitle "CB19_2024"]
[SourceDate "2024.05.08"]
[SourceVersion "1"]
[SourceVersionDate "2024.05.08"]
[SourceQuality "1"]

1. e4 e5 2. Nf3 Nc6 3. Bb5 a6 4. Bxc6 dxc6 5. 0-0 Bd6 6. d4 exd4 7. Qxd4 f6 8. Nbd2 Be6 9. Qc3 Ne7 10. Nc4 Bxc4 11. Qxc4 Qd7 12. Be3 Ng6 13. Rad1 Qf7 14. Qxf7+ Kxf7 15. Nd4 Bf4 16. Bxf4 Nxf4 17. g3 Ne6 18. Nb3 Rhd8 19. Na5 Rab8 20. f3 Ke7 21. Kf2 Rxd1 22. Rxd1 Nd8 23. Ke3 Rc8 24. Nb3 Ne6 25. Nd4 Nxd4 26. Rxd4 c5 27. Rd5 b6 28. h4 Ke6 29. g4 h6 30. f4 c6 31. f5+ Ke7 32. Rd2 a5 33. Kf4 b5 34. e5 fxe5+ 35. Kxe5 c4 36. Rd6 Rc7 37. Re6+ Kf8 38. Kd6 Ra7 39. Kxc6 b4 40. Kb6 Ra8 41. Kb5 c3 42. b3 Rd8 43. Kxa5 Rd2 44. Kxb4 Rxc2 45. a4 Rg2 46. Kxc3 Rxg4 47. a5 Rxh4 48. a6 Rh1 49. b4 Ra1 50. b5 h5 51. b6 Rxa6 52. b7 Ra3+ 53. Kb4 1-0

[Event "POL-chT 1st League"]
[Site "Leba"]
[Date "2023.09.30"]
[Round "8.2"]
[White "Licznerski, Lukasz"]
[Black "Pacan Milej, Kosma"]
[Result "1-0"]
[WhiteElo "2414"]
[BlackElo "2412"]
[PlyCount "83"]
[EventDate "2023.09.23"]
[EventType "team-swiss"]
[EventRounds "9"]
[EventCountry "POL"]
[SourceTitle "EXT 2024"]
[Source "ChessBase"]
[SourceDate "2023.10.10"]
[SourceVersion "1"]
[SourceVersionDate "2023.10.10"]
[SourceQuality "1"]
[WhiteTeam "Wisznia Mala Bialy Krol"]
[BlackTeam "Opole Rodlo"]
[WhiteTeamCountry "POL"]
[BlackTeamCountry "POL"]

1. e4 c6 2. Nf3 d5 3. exd5 cxd5 4. Ne5 Nf6 5. d4 Nc6 6. Bb5 Bd7 7. Nxd7 Qxd7 8. c3 e6 9. Nd2 Bd6 10. 0-0 Qc7 11. g3 0-0 12. f4 Ne7 13. Bd3 Nf5 14. Qe2 h5 15. Nf3 g6 16. Rf2 Kg7 17. Rg2 Rh8 18. h3 h4 19. g4 Ng3 20. Qe3 Nfe4 21. Nh2 Raf8 22. Nf3 a6 23. c4 b5 24. b3 bxc4 25. bxc4 Rb8 26. Rc2 Qa5 27. c5 Bc7 28. Bd2 Nxd2 29. Rxd2 Qc3 30. Re1 Qa3 31. Ng5 Ne4 32. Nxe4 dxe4 33. Qxe4 Ba5 34. Qe5+ Kh7 35. f5 Bxd2 36. fxg6+ Kh6 37. g7 Qxd3 38. Qf6+ Qg6 39. gxh8Q+ Rxh8 40. Qxh8+ Kg5 41. Qh5+ Qxh5 42. Re5+ 1-0

[Event "POL-chT 1st League"]
[Site "Leba"]
[Date "2023.09.28"]
[Round "6.2"]
[White "Licznerski, Lukasz"]
[Black "Dragun, Kamil"]
[Result "1-0"]
[WhiteElo "2414"]
[BlackElo "2550"]
[PlyCount "99"]
[EventDate "2023.09.23"]
[EventType "team-swiss"]
[EventRounds "9"]
[EventCountry "POL"]
[SourceTitle "EXT 2024"]
[Source "ChessBase"]
[SourceDate "2023.10.10"]
[SourceVersion "1"]
[SourceVersionDate "2023.10.10"]
[SourceQuality "1"]
[WhiteTeam "Wisznia Mala Bialy Krol"]
[BlackTeam "Gorzow Wielkopolski Stilon"]
[WhiteTeamCountry "POL"]
[BlackTeamCountry "POL"]

1. e4 e5 2. Nf3 Nc6 3. Bb5 a6 4. Ba4 Nf6 5. 0-0 Be7 6. Re1 b5 7. Bb3 0-0 8. h3 Bb7 9. d3 d5 10. exd5 Nxd5 11. Nxe5 Nd4 12. Nc3 Nb4 13. Ne2 Nxb3 14. axb3 Bd6 15. Ng4 f5 16. Nh2 Qh4 17. Bd2 Rf6 18. Ng3 Bc5 19. Be3 Bxe3 20. Rxe3 f4 21. Re4 Bxe4 22. Nxe4 Rg6 23. Kf1 Nd5 24. Qd2 Rf8 25. Nf3 Qd8 26. b4 h6 27. c3 Ne7 28. Nc5 Nf5 29. Re1 Qd6 30. d4 Kh7 31. Qd3 Kh8 32. Re5 Rgf6 33. Ne4 Qd8 34. Nxf6 Qxf6 35. Re1 Nh4 36. Re4 Nxf3 37. Qxf3 Qf5 38. Kg1 Kh7 39. Kh2 Rf6 40. Re7 c6 41. Qg4 Qg6 42. f3 Rf7 43. Qxg6+ Kxg6 44. Rxf7 Kxf7 45. g3 g5 46. gxf4 gxf4 47. h4 Kf6 48. Kh3 Kf5 49. b3 h5 50. Kg2 1-0

[Event "POL-chT 1st League"]
[Site "Leba"]
[Date "2023.09.26"]
[Round "4.1"]
[White "Dziuba, Marcin"]
[Black "Licznerski, Lukasz"]
[Result "1/2-1/2"]
[WhiteElo "2519"]
[BlackElo "2414"]
[PlyCount "64"]
[EventDate "2023.09.23"]
[EventType "team-swiss"]
[EventRounds "9"]
[EventCountry "POL"]
[SourceTitle "EXT 2024"]
[Source "ChessBase"]
[SourceDate "2023.10.10"]
[SourceVersion "1"]
[SourceVersionDate "2023.10.10"]
[SourceQuality "1"]
[WhiteTeam "Bydgoszcz Energia Gwiazda"]
[BlackTeam "Wisznia Mala Bialy Krol"]
[WhiteTeamCountry "POL"]
[BlackTeamCountry "POL"]

1. d4 Nf6 2. c4 e6 3. Nf3 b6 4. g3 Bb4+ 5. Bd2 Be7 6. Nc3 c6 7. e4 d5 8. cxd5 cxd5 9. e5 Ne4 10. Rc1 0-0 11. h4 Ba6 12. Bxa6 Nxa6 13. Qe2 Nxd2 14. Nxd2 Nb4 15. 0-0 Qd7 16. Nf3 a6 17. Qd2 Rfc8 18. a3 Nc6 19. Ne2 Na5 20. Rxc8+ Rxc8 21. Qd3 Qb5 22. Qxb5 axb5 23. Rc1 Rc4 24. Kf1 b4 25. axb4 Bxb4 26. Ne1 b5 27. Ra1 Nb3 28. Ra8+ Bf8 29. Nf3 b4 30. Ke1 Rc2 31. Kd1 Rxb2 32. g4 g6 1/2-1/2

[Event "Warsaw Szansa rapid op"]
[Site "Warsaw"]
[Date "2023.09.17"]
[Round "5"]
[White "Licznerski, Lukasz"]
[Black "Gumularz, Szymon"]
[Result "1/2-1/2"]
[WhiteElo "2414"]
[BlackElo "2587"]
[PlyCount "139"]
[EventDate "2023.09.17"]
[EventType "swiss (rapid)"]
[EventRounds "9"]
[EventCountry "POL"]
[SourceTitle "EXT 2024"]
[Source "ChessBase"]
[SourceDate "2023.10.10"]
[SourceVersion "1"]
[SourceVersionDate "2023.10.10"]
[SourceQuality "1"]

1. e4 e5 2. Nf3 Nc6 3. Bb5 a6 4. Bxc6 dxc6 5. 0-0 Qf6 6. d4 exd4 7. Bg5 Qd6 8. Nxd4 Be7 9. Bxe7 Nxe7 10. Nc3 Bd7 11. Nb3 0-0-0 12. Qh5 f5 13. Rad1 Qg6 14. Qxg6 Nxg6 15. Nc5 fxe4 16. Nxd7 Rxd7 17. Rxd7 Kxd7 18. Nxe4 b6 19. Rd1+ Ke7 20. f3 Rf8 21. Kf2 Nf4 22. g3 Ne6 23. Ke3 g5 24. Rh1 c5 25. c3 h5 26. h4 gxh4 27. Rxh4 Ng7 28. Rh1 a5 29. g4 hxg4 30. fxg4 Ne6 31. Rh7+ Kd8 32. Rh6 Ke7 33. Ng3 Rg8 34. Nf5+ Kd7 35. Kf3 c4 36. Rh7+ Kd8 37. Kg3 Nc5 38. Re7 Nd3 39. Re2 Kd7 40. Nh6 Re8 41. Rg2 Re3+ 42. Kh4 Ke6 43. g5 Re4+ 44. Kg3 Re3+ 45. Kg4 Re4+ 46. Kg3 Re3+ 47. Kh2 Nf4 48. Rg4 Ke5 49. g6 Rh3+ 50. Kg1 Ne6 51. Ng8 Kf5 52. Rg2 Ke5 53. Ne7 Kf6 54. Nd5+ Kg7 55. Kf2 Rh5 56. Ne3 Nf4 57. Rg4 Nd3+ 58. Ke2 Rh2+ 59. Kf1 Rf2+ 60. Kg1 b5 61. Rg5 Rf8 62. Rxb5 Kxg6 63. Nxc4 a4 64. Rd5 Nf4 65. Rc5 Ne2+ 66. Kg2 Nf4+ 67. Kg3 Ne2+ 68. Kg4 Rf2 69. Kh3 Kg7 70. Ne5 1/2-1/2

[Event "Warsaw Szansa rapid op"]
[Site "Warsaw"]
[Date "2023.09.17"]
[Round "8"]
[White "Padalka, Artem"]
[Black "Licznerski, Lukasz"]
[Result "1-0"]
[WhiteElo "2181"]
[BlackElo "2414"]
[PlyCount "37"]
[EventDate "2023.09.17"]
[EventType "swiss (rapid)"]
[EventRounds "9"]
[EventCountry "POL"]
[SourceTitle "EXT 2024"]
[Source "ChessBase"]
[SourceDate "2023.10.10"]
[SourceVersion "1"]
[SourceVersionDate "2023.10.10"]
[SourceQuality "1"]

1. e4 c6 2. d4 d5 3. e5 Bf5 4. Nf3 e6 5. Be2 Ne7 6. 0-0 h6 7. Be3 Bh7 8. Nbd2 Nf5 9. Nb3 Nd7 10. c4 dxc4 11. Bxc4 Be7 12. Rc1 Nxe3 13. fxe3 0-0 14. Bd3 Bxd3 15. Qxd3 c5 16. dxc5 Nxc5 17. Qxd8 Rfxd8 18. Nxc5 Rd5 19. Nb3 1-0

[Event "Warsaw Szansa blitz op"]
[Site "Warsaw"]
[Date "2023.09.16"]
[Round "2"]
[White "Jakubowska, Anna"]
[Black "Licznerski, Lukasz"]
[Result "0-1"]
[WhiteElo "2139"]
[BlackElo "2414"]
[PlyCount "72"]
[EventDate "2023.09.16"]
[EventType "swiss (blitz)"]
[EventRounds "13"]
[EventCountry "POL"]
[SourceTitle "EXT 2024"]
[Source "ChessBase"]
[SourceDate "2023.10.10"]
[SourceVersion "1"]
[SourceVersionDate "2023.10.10"]
[SourceQuality "1"]

1. e4 c6 2. d4 d5 3. e5 Bf5 4. Nf3 e6 5. Be2 Ne7 6. 0-0 Bg6 7. Nbd2 c5 8. c4 cxd4 9. Nxd4 Nec6 10. N2f3 dxc4 11. Bxc4 Be7 12. Nb5 Nd7 13. Nd6+ Bxd6 14. exd6 0-0 15. Bb3 Bh5 16. h3 Nde5 17. g4 Bg6 18. Nxe5 Nxe5 19. Bf4 Nd3 20. Qd2 e5 21. Bg3 Qxd6 22. Rad1 Qd4 23. Qe2 Rad8 24. Rd2 Kh8 25. Qe3 Qb4 26. Rfd1 e4 27. f3 f5 28. f4 a5 29. g5 a4 30. Bc2 a3 31. bxa3 Qxa3 32. Bxd3 exd3 33. Rxd3 Rxd3 34. Rxd3 Qxa2 35. Qc5 Re8 36. Bf2 Qb1+ 0-1

[Event "Warsaw Szansa blitz op"]
[Site "Warsaw"]
[Date "2023.09.16"]
[Round "13"]
[White "Licznerski, Lukasz"]
[Black "Sieciechowicz, Marcin"]
[Result "1-0"]
[WhiteElo "2414"]
[BlackElo "2398"]
[PlyCount "71"]
[EventDate "2023.09.16"]
[EventType "swiss (blitz)"]
[EventRounds "13"]
[EventCountry "POL"]
[SourceTitle "EXT 2024"]
[Source "ChessBase"]
[SourceDate "2023.10.10"]
[SourceVersion "1"]
[SourceVersionDate "2023.10.10"]
[SourceQuality "1"]

1. e4 e5 2. Nf3 Nc6 3. Bb5 Nf6 4. d3 Bc5 5. 0-0 Nd4 6. Nxd4 Bxd4 7. c3 Bb6 8. Na3 c6 9. Ba4 0-0 10. Bg5 h6 11. Bh4 d6 12. Nc4 Bc7 13. Bb3 d5 14. Nd2 g5 15. Bg3 dxe4 16. dxe4 Qe7 17. Qe2 Bg4 18. f3 Be6 19. Bf2 Bb6 20. Bxe6 Bxf2+ 21. Rxf2 Qxe6 22. Nf1 Nh5 23. g3 Ng7 24. Ne3 Rfd8 25. a4 Qe7 26. Qc4 Rd7 27. a5 a6 28. Raf1 Kh7 29. f4 exf4 30. gxf4 Ne6 31. fxg5 Nxg5 32. Ng4 Nh3+ 33. Kh1 Nxf2+ 34. Rxf2 Rd1+ 35. Kg2 Rg8 36. Rxf7+ 1-0

[Event "Warsaw Szansa blitz op"]
[Site "Warsaw"]
[Date "2023.09.16"]
[Round "8"]
[White "Padalka, Artem"]
[Black "Licznerski, Lukasz"]
[Result "0-1"]
[WhiteElo "2181"]
[BlackElo "2414"]
[PlyCount "82"]
[EventDate "2023.09.16"]
[EventType "swiss (blitz)"]
[EventRounds "13"]
[EventCountry "POL"]
[SourceTitle "EXT 2024"]
[Source "ChessBase"]
[SourceDate "2023.10.10"]
[SourceVersion "1"]
[SourceVersionDate "2023.10.10"]
[SourceQuality "1"]

1. d4 Nf6 2. Bf4 g6 3. Nc3 d5 4. Qd2 Bg7 5. Bh6 Bxh6 6. Qxh6 Bf5 7. 0-0-0 Ng4 8. Qg7 Rf8 9. Nh3 h5 10. e4 dxe4 11. d5 a6 12. Bc4 Qd6 13. Qd4 Nf6 14. Kb1 Bxh3 15. gxh3 Nbd7 16. Nxe4 Nxe4 17. Qxe4 0-0-0 18. f4 Nf6 19. Qe3 c6 20. Rhe1 cxd5 21. Bb3 e6 22. Qa7 Qb8 23. Qd4 Ne4 24. c4 Nd6 25. cxd5 Qa8 26. Rc1+ Kb8 27. Qb6 Qa7 28. Qc7+ Ka8 29. dxe6 fxe6 30. Rxe6 Nb5 31. Qe7 Nd4 32. Bd5 Nxe6 33. Qxe6 Rfe8 34. Qf7 Rf8 35. Qe6 Kb8 36. Qe5+ Ka8 37. Qe6 Rfe8 38. Qf7 Qb6 39. a3 Rb8 40. Rc7 Re2 41. Kc1 Qxb2+ 0-1

[Event "Katowice POL-HUN 10th"]
[Site "Katowice"]
[Date "2023.09.10"]
[Round "9"]
[White "Pribelszky, Bence"]
[Black "Licznerski, Lukasz"]
[Result "0-1"]
[WhiteElo "2417"]
[BlackElo "2414"]
[PlyCount "86"]
[EventDate "2023.09.09"]
[EventType "swiss (rapid)"]
[EventRounds "9"]
[EventCountry "POL"]
[SourceTitle "EXT 2024"]
[Source "ChessBase"]
[SourceDate "2023.10.10"]
[SourceVersion "1"]
[SourceVersionDate "2023.10.10"]
[SourceQuality "1"]

1. e4 c6 2. d4 d5 3. f3 e6 4. Nc3 Bb4 5. Bd2 b6 6. Nce2 Be7 7. e5 c5 8. f4 Nh6 9. Nf3 Ba6 10. c3 0-0 11. g3 Nc6 12. Bh3 Nf5 13. 0-0 cxd4 14. Bxf5 exf5 15. cxd4 Qd7 16. Rf2 Rac8 17. Rc1 Nb4 18. Bxb4 Bxb4 19. a3 Be7 20. Nc3 Rc4 21. Rfc2 Rfc8 22. Nb1 Rxc2 23. Rxc2 Rxc2 24. Qxc2 Qb5 25. Nbd2 h6 26. Qc7 Bf8 27. Qxa7 Qe2 28. Qd7 Bd3 29. Qe8 Qd1+ 30. Kf2 Qe2+ 31. Kg1 Qe3+ 32. Kg2 Be4 33. Nxe4 dxe4 34. Ng1 Qxd4 35. e6 Qxb2+ 36. Kh3 Qf6 37. exf7+ Qxf7 38. Qb5 Bc5 39. Kg2 Qa2+ 40. Ne2 Qxa3 41. Kh3 Qf3 42. Qe8+ Kh7 43. Qf7 Qg4+ 0-1

[Event "Katowice POL-HUN 10th"]
[Site "Katowice"]
[Date "2023.09.10"]
[Round "6"]
[White "Wieczorek, Jakub"]
[Black "Licznerski, Lukasz"]
[Result "0-1"]
[WhiteElo "1731"]
[BlackElo "2414"]
[PlyCount "82"]
[EventDate "2023.09.09"]
[EventType "swiss (rapid)"]
[EventRounds "9"]
[EventCountry "POL"]
[SourceTitle "EXT 2024"]
[Source "ChessBase"]
[SourceDate "2023.10.10"]
[SourceVersion "1"]
[SourceVersionDate "2023.10.10"]
[SourceQuality "1"]

1. d4 Nf6 2. Nf3 g6 3. Bf4 Bg7 4. h3 d6 5. c3 0-0 6. e3 Nc6 7. Be2 Ne4 8. Nbd2 Nxd2 9. Qxd2 e5 10. dxe5 dxe5 11. Qxd8 Rxd8 12. Bg3 f6 13. Bc4+ Kf8 14. a3 Ke7 15. Rd1 Be6 16. Bxe6 Kxe6 17. Ke2 Na5 18. Rxd8 Rxd8 19. Rd1 Rd6 20. Nd2 b5 21. b4 Nb7 22. c4 Ra6 23. cxb5 Rxa3 24. Rc1 Kd7 25. f4 Nd6 26. fxe5 fxe5 27. Rc5 Ra2 28. Kd1 Rxd2+ 29. Kxd2 Ne4+ 30. Kd3 Nxg3 31. Rc6 e4+ 32. Kd2 Bh6 33. Rf6 Nf5 34. Rf7+ Ke6 35. Rxc7 Bxe3+ 36. Ke2 Bb6 37. Rxh7 Ng3+ 38. Ke1 Bd4 39. Rh4 Kf5 40. Kd2 e3+ 41. Kd3 e2 0-1